[Event "Challenge"]
[Site "http://www.queenalice.com/game.php?id=1529633"]
[Date "2018.6.3"]
[Round "-"]
[White "smscuciato"]
[Black "MGSCUCIATO"]
[Result "0-1"]
[WhiteElo "1664"]
[BlackElo "1594"]

1. e4 e5 2. Nf3 f6 3. Nc3 c6 4. Bc4 Ne7 5. O-O g5 6. Nxe5 fxe5 7. Qf3 d6 8. Qf7+
Kd7 9. Qf6 Ng6 10. Qf7+ Ne7 11. d3 h6 12. b3 b5 13. Be6+ Kc7 14. Qf6 Rh7 15. a4
b4 16. Na2 Qe8 17. Nxb4 Bg7 18. Qf7 Qd8 19. c4 Bd7 20. Ba3 c5 21. Nd5+ Nxd5 22.
Bxd5 Nc6 23. Qg6 Qh8 24. Bxc6 Kxc6 25. Qf7 Re8 26. Qd5+ Kc7 27. b4 Be6 28. bxc5
Bxd5 29. cxd5 dxc5 30. Bxc5 Rb8 31. Bxa7 Ra8 32. Rac1+ Kd7 33. Bb6 Ke7 34. Rc7+
Kf6 35. Rfc1 Kg6 36. R1c6+ Kh5 37. g4+ Kh4 38. f3 Kh3 39. Rc2 Qb8 40. Be3 Qb1+
41. Bc1 Rxa4 42. Rg2 Qb6+ 43. Kh1 Kh4 44. h3 Ra1 45. Kh2 Rxc1 46. Rxc1 Qe3 47.
d6 Qf4+ 48. Kh1 Qxc1+ 49. Rg1 Qe3 50. d7 Rh8 51. Rc1 Qxc1+ 52. Kh2 Rd8 53. f4
Qxf4+ 54. Kg2 Rxd7 55. d4 Rxd4 56. Kg1 Qc1+ 0-1

[Event "Challenge"]
[Site "http://www.queenalice.com/game.php?id=1529729"]
[Date "2018.6.4"]
[Round "-"]
[White "MGSCUCIATO"]
[Black "Consultti"]
[Result "0-1"]
[WhiteElo "1613"]
[BlackElo "1734"]

1. e4 e5 2. b3 Nc6 3. c3 Nf6 4. f3 Bc5 5. Ne2 d5 6. b4 Bb6 7. a4 dxe4 8. a5 Bf2+
9. Kxf2 Nh5 10. fxe4 Bg4 11. h3 Qf6+ 12. Kg1 Bxe2 13. Bxe2 Ng3 14. Rh2 O-O-O 15.
Bg4+ Kb8 16. d3 Nxe4 17. Be3 Rd6 18. Qe2 Ng3 19. Qd1 e4 20. d4 h5 21. Be2 Ne7
22. Qd2 Rd5 23. Na3 Nef5 24. Bg5 Qg6 25. Bc4 e3 26. Qe1 e2 27. Bxd5 Qxg5 28. Nc2
Ne3 29. Nxe3 Qxe3+ 30. Qf2 Qxc3 31. Bf3 Qxa1+ 0-1

[Event "Challenge"]
[Site "http://www.queenalice.com/game.php?id=1529770"]
[Date "2018.6.4"]
[Round "-"]
[White "Consultti"]
[Black "MGSCUCIATO"]
[Result "0-1"]
[WhiteElo "1745"]
[BlackElo "1602"]

1. Nf3 f6 2. e4 a5 3. Nc3 c6 4. Bc4 e6 5. d4 h5 6. Nh4 Ne7 7. Bf4 d6 8. d5 g5 9.
dxc6 gxf4 10. cxb7 Bxb7 11. Bxe6 Qb6 12. O-O Ba6 13. Re1 Bh6 14. Qd5 Nxd5 15.
Nxd5 Qd8 16. Ng6 Rh7 17. Ngxf4 Bg5 18. Bf5 Rha7 19. Nxh5 Nc6 20. Ng7+ Rxg7 21.
Re3 Bxe3 22. Nxe3 Qb6 23. b3 Kf7 24. Rd1 Rc8 25. Bxc8 Bxc8 26. Rxd6 Qc7 27. Rd5
Bh3 28. g3 Nb4 29. Rh5 Bd7 30. a3 Na2 31. Nc4 Nc3 32. f3 Qa7+ 33. Kg2 Nd1 34.
Nxa5 Qf2+ 35. Kh1 Qf1# 0-1

[Event "Challenge"]
[Site "http://www.queenalice.com/game.php?id=1529792"]
[Date "2018.6.5"]
[Round "-"]
[White "EdBrazil"]
[Black "MGSCUCIATO"]
[Result "1-0"]
[WhiteElo "1564"]
[BlackElo "1612"]

1. d4 c6 2. e3 e6 3. f4 f5 4. Bd2 a5 5. a4 Nf6 6. Nf3 Nh5 7. Ng5 g6 8. e4 h6 9.
Nh3 fxe4 10. Qe2 d5 11. Nc3 Bg7 12. Be3 b6 13. Qg4 Qf6 14. Be2 Qf7 15. Bd1 O-O
16. Qh4 Bf6 17. Qf2 Qe7 18. Bxh5 gxh5 19. O-O Ba6 20. Qg3+ Kf7 21. f5 e5 22.
Qg6# 1-0

[Event "Challenge"]
[Site "http://www.queenalice.com/game.php?id=1530413"]
[Date "2018.6.9"]
[Round "-"]
[White "eduardocosta"]
[Black "MGSCUCIATO"]
[Result "1-0"]
[WhiteElo "1754"]
[BlackElo "1572"]

1. e3 e5 2. Nf3 Qf6 3. Nc3 d6 4. Nd5 Qd8 5. b3 c6 6. Nc3 b5 7. Bb2 f6 8. d4 b4
9. Na4 e4 10. Nd2 h5 11. Nxe4 f5 12. Ng3 d5 13. Nc5 Nf6 14. Nd3 h4 15. Ne2 Bd6
16. Nef4 Bxf4 17. Nxf4 Qd7 18. Nd3 Qe7 19. Qd2 a5 20. Nf4 Ne4 21. Qd1 Qf6 22.
Bd3 Ng5 23. O-O Nf7 24. c4 g5 25. Ne2 Qg6 26. cxd5 cxd5 27. Qc2 O-O 28. Qc5 Nd7
29. Qxd5 Nb6 30. Qc5 Nh6 31. d5 Nd7 32. Qc6 Qxc6 33. dxc6 Nc5 34. Bc4+ Kh7 35.
Bd4 Na6 36. Bd5 Nc7 37. Bc4 f4 38. exf4 g4 39. Bc5 Rf6 40. Be7 Rxc6 41. Bxh4 Nf5
42. Bd3 Rh6 43. Bg5 Rh5 44. Bxf5+ Bxf5 45. Ng3 Kg6 46. Nxh5 Kxh5 47. g3 Re8 48.
Rfc1 Nd5 49. Rc5 Be4 50. Rxa5 Nc3 51. Re1 Kg6 52. Ra6+ Kf5 53. Rf6# 1-0

[Event "Challenge"]
[Site "http://www.queenalice.com/game.php?id=1530416"]
[Date "2018.6.9"]
[Round "-"]
[White "MGSCUCIATO"]
[Black "EdBrazil"]
[Result "1-0"]
[WhiteElo "1616"]
[BlackElo "1568"]

1. e4 e5 2. g3 d6 3. h4 h5 4. c4 c5 5. Nf3 Bg4 6. Qa4+ Nc6 7. Nh2 Nf6 8. f3 Bd7
9. Qa3 Nd4 10. Qc3 Qc8 11. a4 Bh3 12. Bd3 Bg2 13. Rg1 Bxf3 14. Rf1 Ne2 15. Bxe2
Bxe2 16. Kxe2 Nxe4 17. Qf3 Qc6 18. Qxf7+ Kd8 19. Rg1 Nf6 20. Qg6 Rh6 21. Qd3 e4
22. Qe3 d5 23. cxd5 Qxd5 24. Nc3 Qc4+ 25. Kd1 Rg6 26. Nb5 a6 27. b3 Qe6 28. Nc3
Qxb3+ 29. Ke2 Qe6 30. d3 exd3+ 31. Kd2 Ng4 32. Qxd3+ Bd6 33. Nf3 Kc7 34. Re1 Qf7
35. Nd5+ Kc6 36. Bb2 Nf2 37. Qc4 Qxf3 38. Nb4+ Kd7 39. Ra3 Qg2 40. Qf7+ 1-0

[Event "Challenge"]
[Site "http://www.queenalice.com/game.php?id=1530613"]
[Date "2018.6.11"]
[Round "-"]
[White "MGSCUCIATO"]
[Black "smscuciato"]
[Result "0-1"]
[WhiteElo "1630"]
[BlackElo "1651"]

1. e4 e5 2. h4 Qf6 3. f3 Qf4 4. Ne2 Qf6 5. c4 b5 6. cxb5 Bc5 7. Qc2 Qd6 8. d3
Qb6 9. Kd1 Qxb5 10. Nec3 Qc6 11. Qb3 Bd4 12. Nd5 Ba6 13. Na3 Qb7 14. Qc2 c6 15.
Nc4 Bxc4 16. dxc4 cxd5 17. cxd5 Nf6 18. g4 O-O 19. Qa4 Bxb2 20. Rb1 a6 21. Rxb2
Qc7 22. Be3 Rc8 23. Rhh2 Qc3 24. Rhc2 Nxd5 25. Bd2 Qxf3+ 26. Be2 Qh1+ 27. Be1
Nc3+ 28. Rxc3 Rxc3 29. Qa5 Rc8 30. Rc2 Nc6 31. Qd2 Qxe4 32. Bd3 Qxg4+ 33. Be2
Qa4 34. Bd3 Nd4 35. Qg2 f5 36. Qd5+ Kh8 37. Kd2 Nxc2 38. Bxc2 Qxc2+ 39. Ke3 Qc1+
40. Bd2 Qc5+ 41. Qxc5 Rxc5 42. Bb4 Rd5 43. Be7 h5 0-1

[Event "Challenge"]
[Site "http://www.queenalice.com/game.php?id=1530785"]
[Date "2018.6.12"]
[Round "-"]
[White "Consultti"]
[Black "MGSCUCIATO"]
[Result "1-0"]
[WhiteElo "1736"]
[BlackElo "1628"]

1. e4 e5 2. Nc3 c6 3. Nf3 f6 4. Bc4 Ne7 5. d4 b5 6. Bd3 g5 7. dxe5 g4 8. exf6
Ng6 9. e5 Bc5 10. Bxg6+ hxg6 11. Bg5 O-O 12. f7+ Kg7 13. Bxd8 Rxd8 14. Ng5 Be7
15. Qxg4 d6 16. e6 d5 17. Qh4 Rh8 18. Qd4+ Bf6 19. Qe3 d4 20. Qe4 Bxg5 21. Ne2
Bb7 22. e7 Kxf7 23. Qe5 Bf6 24. Qc7 Ba6 25. Qf4 Kxe7 26. O-O-O c5 27. Qe4+ Kf7
28. Qxa8 Nd7 29. Qxa7 Bc8 30. Rhe1 Bg5+ 31. Kb1 Kg7 32. Qc7 Kh6 33. Ng3 Nf6 34.
Ne4 Nd5 35. Qxc5 Bb7 36. Nxg5 Rc8 37. Qxb5 Bc6 38. Qa6 Bd7 39. Rxd4 Rc6 40. Qe2
Nf6 41. Nf7+ Kg7 42. Qe7 Bf5 43. Ne5+ Kh6 44. Nxc6 Ng8 45. Rh4# 1-0

[Event "Challenge"]
[Site "http://www.queenalice.com/game.php?id=1530810"]
[Date "2018.6.12"]
[Round "-"]
[White "MGSCUCIATO"]
[Black "dejami"]
[Result "0-1"]
[WhiteElo "1604"]
[BlackElo "1697"]

1. e3 e5 2. c4 c5 3. a4 d6 4. Nc3 Be6 5. Qf3 Nc6 6. h4 Nb4 7. Kd1 Be7 8. g3 Nh6
9. Nb5 Bg4 10. Nh3 Bxf3+ 11. Be2 Bxh1 12. Ng1 a6 13. Nc3 d5 14. d4 exd4 15. Nxd5
Bxd5 16. cxd5 Qxd5 17. Bf3 Qb3+ 18. Ke1 Nd3+ 19. Kd2 Nxf2 20. Ra3 dxe3+ 21. Ke2
Qc2+ 22. Kxe3 Nf5+ 23. Kf4 Bd6+ 24. Kg5 h6+ 0-1

[Event "Challenge"]
[Site "http://www.queenalice.com/game.php?id=1530811"]
[Date "2018.6.12"]
[Round "-"]
[White "MGSCUCIATO"]
[Black "vivoferreira"]
[Result "0-1"]
[WhiteElo "1549"]
[BlackElo "1406"]

1. e4 c5 2. c4 Nc6 3. a3 e6 4. h4 Be7 5. g3 b6 6. Bg2 Nd4 7. d3 Bb7 8. Nh3 e5 9.
Nd2 a6 10. a4 Nf6 11. b3 b5 12. a5 bxc4 13. bxc4 O-O 14. Bb2 Re8 15. Bxd4 cxd4
16. O-O d6 17. Qb3 Rb8 18. Qd1 Qd7 19. Qf3 Qc6 20. Qe2 Ba8 21. g4 Rb2 22. Rfd1
Rbb8 23. g5 Nd7 24. Qg4 g6 25. Rdc1 f6 26. gxf6 Bxf6 27. h5 Nf8 28. hxg6 Nxg6
29. Nf3 Kf7 30. Qf5 Ke7 31. Qh5 Rh8 32. Nd2 Nf8 33. f3 Bb7 34. Rab1 Ng6 35. Qf5
Qd7 36. Qh5 Nf4 37. Nxf4 exf4 38. Bh3 Qe8 0-1

[Event "Challenge"]
[Site "http://www.queenalice.com/game.php?id=1530812"]
[Date "2018.6.12"]
[Round "-"]
[White "MGSCUCIATO"]
[Black "colatina"]
[Result "0-1"]
[WhiteElo "1578"]
[BlackElo "1821"]

1. e4 e5 2. c4 d6 3. b3 h5 4. Qf3 Bg4 5. Qe3 Be7 6. h3 Be6 7. Bb2 Bg5 8. Qf3 Qf6
9. Qe2 Ne7 10. h4 Bxh4 11. g3 Bg5 12. f4 exf4 13. Bxf6 Bg4 14. Qg2 Bxf6 15. Nc3
Bxc3 16. dxc3 Nbc6 17. gxf4 O-O-O 18. Qf2 f5 19. Bg2 Rde8 20. Bh3 Ng6 21. b4
fxe4 22. b5 e3 23. Qg2 Nxf4 24. Qg3 Nd3+ 25. Kf1 Rhf8+ 26. Kg2 Rf2+ 27. Qxf2
Nxf2 28. Bxg4+ hxg4 29. Rh7 Ne5 30. Ne2 g5 31. Rf1 Ned3 32. a4 Nf4+ 33. Nxf4
gxf4 34. Rf7 f3+ 35. Kg3 e2 36. Re1 Nd3 37. Rh1 e1=Q+ 38. Rxe1 Rxe1 39. Rf8+ Kd7
40. Kxg4 f2 41. Rf7+ Ke6 42. Rf5 f1=Q 43. Rxf1 Rxf1 0-1

[Event "Challenge"]
[Site "http://www.queenalice.com/game.php?id=1531769"]
[Date "2018.6.18"]
[Round "-"]
[White "MGSCUCIATO"]
[Black "Consultti"]
[Result "0-1"]
[WhiteElo "1615"]
[BlackElo "1748"]

1. e4 e5 2. Nf3 Nc6 3. c3 Nf6 4. h4 Bc5 5. b4 Bb6 6. Qb3 O-O 7. b5 Na5 8. Qb4 d6
9. g3 Bg4 10. Nh2 Qd7 11. f3 Bh3 12. Be2 Bg2 13. Rg1 Bxg1 14. Ng4 b6 15. Bb2 Bc5
16. Qa4 d5 17. d4 exd4 18. Ne5 Qh3 19. cxd4 Bd6 20. Nd3 Qxg3+ 21. Kd1 dxe4 22.
fxe4 Bxe4 23. Nc3 Bxd3 24. d5 Bf4 25. Bxd3 Qxd3+ 26. Ke1 Bg3# 0-1

[Event "Challenge"]
[Site "http://www.queenalice.com/game.php?id=1532668"]
[Date "2018.6.25"]
[Round "-"]
[White "MGSCUCIATO"]
[Black "smscuciato"]
[Result "0-1"]
[WhiteElo "1592"]
[BlackElo "1654"]

1. e4 e5 2. g3 g5 3. c4 Bc5 4. Nh3 h6 5. Qa4 c6 6. f3 Nf6 7. d3 Bd4 8. Na3 Qb6
9. Qc2 Qa5+ 10. Ke2 g4 11. Bd2 Qc5 12. b4 Qe7 13. Rb1 Na6 14. fxg4 Nxg4 15. Be1
Ne3 16. Qd2 Qf6 17. Nf2 d6 18. h3 h5 19. b5 Nc5 20. h4 Rg8 21. Rg1 Ng4 22. Rg2
Ne3 23. Rh2 Bg4+ 24. Nxg4 Qxf1# 0-1

[Event "Challenge"]
[Site "http://www.queenalice.com/game.php?id=1533134"]
[Date "2018.7.1"]
[Round "-"]
[White "MGSCUCIATO"]
[Black "scrapandjunk"]
[Result "0-1"]
[WhiteElo "1563"]
[BlackElo "1500"]

1. e4 e5 2. Nf3 Nc6 3. a4 Nf6 4. h3 Nxe4 5. d3 Nf6 6. c4 d5 7. c5 Bxc5 8. Qe2
O-O 9. Bg5 Bb4+ 10. Kd1 h6 11. Bxf6 Qxf6 12. g3 e4 13. Nh4 exd3 14. Qxd3 Qxb2
15. Ra3 Nd4 16. Bg2 Bd7 17. Bxd5 Bxa3 18. Nxa3 Bxa4+ 19. Ke1 Qc1+ 20. Qd1 Qxd1#
0-1

[Event "Challenge"]
[Site "http://www.queenalice.com/game.php?id=1537141"]
[Date "2018.8.1"]
[Round "-"]
[White "eduardocosta"]
[Black "MGSCUCIATO"]
[Result "0-1"]
[WhiteElo "1706"]
[BlackElo "1563"]

1. e3 Nc6 2. Be2 g6 3. Bf3 Na5 4. Nh3 e5 5. c3 c6 6. b4 Nc4 7. Na3 Nxa3 8. Bxa3
Qf6 9. O-O d5 10. Bb2 Bd6 11. Kh1 e4 12. Be2 Bxh3 13. gxh3 Qe5 14. Qc2 Qxh2# 0-1

[Event "Challenge"]
[Site "http://www.queenalice.com/game.php?id=1537190"]
[Date "2018.8.2"]
[Round "-"]
[White "MGSCUCIATO"]
[Black "smscuciato"]
[Result "0-1"]
[WhiteElo "1575"]
[BlackElo "1705"]

1. e4 e5 2. Nf3 Nc6 3. c3 Bc5 4. b4 Bb6 5. a4 a5 6. b5 Nce7 7. Qb3 Nh6 8. Nxe5
O-O 9. d4 d6 10. Nf3 Be6 11. Qc2 Ng4 12. h3 Nf6 13. e5 dxe5 14. Nxe5 Nf5 15. Bg5
h6 16. Bxf6 Qxf6 17. Bd3 Nh4 18. f3 Qf4 19. Na3 Qg3+ 20. Kf1 c5 21. Re1 cxd4 22.
c4 Bc5 23. Nb1 Bb4 0-1

[Event "Challenge"]
[Site "http://www.queenalice.com/game.php?id=1537191"]
[Date "2018.8.2"]
[Round "-"]
[White "MGSCUCIATO"]
[Black "Consultti"]
[Result "0-1"]
[WhiteElo "1585"]
[BlackElo "1747"]

1. e4 e5 2. Nf3 Nc6 3. Nc3 Bb4 4. Na4 d6 5. c3 Bc5 6. b4 Bb6 7. d3 Bg4 8. Bg5 f6
9. Bh4 Bxf3 10. gxf3 g5 11. Bg3 Qd7 12. Qb3 O-O-O 13. h4 Qg7 14. h5 Nge7 15.
Bh3+ Kb8 16. b5 Na5 17. Qa3 d5 18. d4 dxe4 19. fxe4 exd4 20. c4 d3 21. O-O g4
22. Bg2 Nxc4 23. Qb4 Rd4 24. Qc3 Qh6 25. Nxb6 axb6 26. Qxd4 Ne5 27. Rfd1 Qxh5
28. Rac1 Nf3+ 29. Bxf3 gxf3 30. Rxd3 Rg8 31. Rxf3 Qxf3 32. Rxc7 Rxg3+ 33. fxg3
Qxg3+ 34. Kf1 Qxc7 35. Qxf6 Qc4+ 36. Kg1 Nc8 37. Qe5+ Ka7 38. a3 Qc5+ 39. Qxc5
bxc5 40. Kf1 h5 41. a4 b6 0-1